000 00715nam a2200241Ia 4500
001 Z_2776
008 220113s1978 xx 000 0 und d
010 _a163583
082 _a636.08 I53
100 _aInstituto Nacional de Investigaciones Pecuarias . México. Reunión anual (14 : 1978 : Jalapa, Ver.)
_9137745
245 _aMemorias /
_cpor INIP
260 _aMéxico, D. F. :
_bEl Instituto,
_c1978
300 _a166 p.
650 _aGanadería
_xCongresos
_944677
650 _aGanadería
_xInvestigación
_xMéxico
_9137364
650 _aGanado
_xEnfermedades
_944909
650 _aGanado
_xTrópicos
_944956
901 _a636.08 I53
902 _aM
910 _a1978
942 _cc1
999 _c163583
_d163583